| 000 | 00574cam a22002171 4500 | ||
|---|---|---|---|
| 001 | ne 63001660 | ||
| 003 | DLC | ||
| 005 | 20260227111749.0 | ||
| 008 | 890401s1953 tu c 000 0 tur | ||
| 010 | _ane 63001660 | ||
| 035 | _a(OCoLC)23553596 | ||
| 040 |
_aDLC _cMiU _dDLC |
||
| 042 | _apremarc | ||
| 043 | _aa-tu--- | ||
| 050 | 0 | 0 |
_aDR589 _b.C4 |
| 100 | 1 |
_aCebesoy, Ali Fuat, _d1883- |
|
| 245 | 1 | 0 | _aMillî Mücadele hâtıraları. |
| 260 |
_aİstanbul, _b"Vatican" Neşriyatı, _c1953. |
||
| 300 |
_a526 p. _bport. _c21 cm. |
||
| 651 | 0 |
_aTurkey _xHistory _y1918-1960. |
|
| 999 |
_c46185 _d46185 |
||